1986 Supplement to Gordon and Getz on : (Record no. 228)

MARC details
000 -LEADER
fixed length control field 00579nam a22001817a 4500
005 - DATE AND TIME OF INPUT
control field 20231101135132.0
008 - DATA ELEMENTS--GENERAL INFORMATION
fixed length control field 231101b |||||||| |||| 00| 0 eng d
020 ## - INTERNATIONAL STANDARD BOOK NUMBER
International Standard Book Number 0702118141
041 ## - LANGUAGE CODE
Language code of text English
082 ## - SHELF NUMBER
DDC number 346.7 GOR
100 ## - MAIN AUTHOR
Main author's name Davis, DM
Language of a work English
245 ## - TITLE STATEMENT
Title 1986 Supplement to Gordon and Getz on :
Sub-title The South African Law of Insurance /
Statement of responsibility, etc. DM Davies
250 ## - EDITION STATEMENT
Edition statement Third Edition
260 ## - PUBLICATION, DISTRIBUTION, ETC.
Place of publication, distribution, etc. Cape Town :
Name of publisher, distributor, etc. Juta and Company Ltd,
Date of publication, distribution, etc. 1986
300 ## - PHYSICAL DESCRIPTION
Other physical details vii, 29 pages ;
Dimensions 25,5 cm
650 ## - SUBJECT`
Broad subject Legal practice
Own subject terms Law
942 ## - ADDED ENTRY ELEMENTS (KOHA)
Item type Books
942 ## - ADDED ENTRY ELEMENTS (KOHA)
-- ALISON_BN_VRIES
Holdings
Source of classification or shelving scheme Not for loan Collection code Home library Current library Shelving location Date acquired Full call number Barcode Price effective from Koha item type
Dewey Decimal Classification   TEXT BOOKS LAW SOCIETY OF NAMIBIA LIBRARY - WINDHOEK LAW SOCIETY OF NAMIBIA LIBRARY - WINDHOEK INSOLVENCY AND INSURANCE 11/01/2023 346.7 GOR LSN/1988/3 11/01/2023 Books